Estate artica /

সংরক্ষণ করুন:
গ্রন্থ-পঞ্জীর বিবরন
প্রধান লেখক: Galgut, Damon (লেখক)
অন্যান্য লেখক: Pedone, Fabio
বিন্যাস: গ্রন্থ
ভাষা:ইতালিয়
প্রকাশিত: Roma : E/O, 2014
মালা:Dal mondo. Sudafrica
ট্যাগগুলো: ট্যাগ যুক্ত করুন
কোনো ট্যাগ নেই, প্রথমজন হিসাবে ট্যাগ করুন!

MARC

LEADER 00000nam a2200000 i 4500
001 IT\ICCU\TO0\1916869
003 ItRI
005 20240910093303.0
008 141016s2014 it |||||| ||||| |||||c
015 |2 IT  |a 2015-771 
020 |a 9788866325154 
040 |b ita  |c CDM 
041 7 |a ita  |2 ISO-639-2 
082 |a 823.92  |2 23 
100 1 |a Galgut, Damon  |0 IT\ICCU\TO0V\481954  |4 aut 
240 1 0 |a Arctic summer  |9 Galgut, Damon 
245 1 0 |a Estate artica /  |c Damon Galgut ; traduzione dall'inglese di Fabio Pedone. 
260 |a Roma :  |b E/O,  |c 2014 
300 |a 359 p. ;  |c 21 cm 
700 1 |a Pedone, Fabio  |0 IT\ICCU\UBOV\287647 
830 0 |a Dal mondo. Sudafrica  |0 IT\ICCU\RT1\0008989 
942 |2 ddc  |c BK 
952 |0 0  |1 0  |2 ddc  |4 0  |6 823_920000000000000_GAL_EST  |7 1  |9 1908  |a RA  |b RA  |d 2024-09-10  |l 0  |o 823.92 GAL EST  |p 9505  |r 2024-09-10 09:35:02  |w 2024-09-10  |y BK  |z Donazione di Pietro Brentini 
981 1 |6 z01  |a i   |b xxxe  
982 1 |6 z01  |a n 
999 |c 1686  |d 1686